Política aduanera y desarrollo económico en la Europa del siglo XIX (1850-1900) /

Guardado en:
Autor Principal: Passarelli, Bruno A.
Formato: Libro
Publicado: Bahía Blanca : Universidad Nacional del Sur, Departamento de Humanidades, 1971.
Series:Historia Contemporánea
Materias:
Etiquetas: Agregar Etiqueta
Sin Etiquetas, Sea el primero en etiquetar este registro!
LEADER 00696nam a22001695a 4500
001 EHU.bham014751
008 130507s1971####ag############000#0#####d
005 20230217081105.0
245 1 0 |a Política aduanera y desarrollo económico en la Europa del siglo XIX (1850-1900) /  |c Bruno A. Passarelli. 
260 |a Bahía Blanca :  |b Universidad Nacional del Sur, Departamento de Humanidades,  |c 1971. 
300 |a 78 p. 
490 0 |a Historia Contemporánea 
100 1 |a Passarelli, Bruno A. 
082 9 4 |a 940.28 P266 
653 |a Historia de Europa moderna-1815-1914 
859 |a AR-BHAM  |b BIB. HUMANIDADES - General  |h 940.28  |i P266  |p 270.90  |t Ej.1 
859 |a AR-BHAM  |b BIB. HUMANIDADES - General  |h 940.28  |i P266  |p 272.90  |t Ej.1